DERECHO DE FAMILIA FORMULARIO Y PROCEDIMIENTOS (Record no. 910)

MARC details
000 -LEADER
campo de control de longitud fija 00588nam a22001937a 4500
001 - NÚMERO DE CONTROL
campo de control 4496
005 - FECHA Y HORA DE LA ÚLTIMA TRANSACCIÓN
campo de control 20250522045547.0
008 - DATOS DE LONGITUD FIJA--INFORMACIÓN GENERAL
campo de control de longitud fija 5230202001 dr
020 ## - NÚMERO INTERNACIONAL ESTÁNDAR DEL LIBRO
Número Internacional Estándar del Libro [sin ISBN]
082 ## - NÚMERO DE LA CLASIFICACIÓN DECIMAL DEWEY
Número de clasificación RD 346.015 D338f
100 ## - ENTRADA PRINCIPAL--NOMBRE DE PERSONA
Nombre de persona DIAZ, MAXIMO A.
245 ## - MENCIÓN DEL TÍTULO
Título DERECHO DE FAMILIA FORMULARIO Y PROCEDIMIENTOS
Mención de responsabilidad, etc. Máximo A. Díaz
260 ## - PUBLICACIÓN, DISTRIBUCIÓN, ETC.
Lugar de publicación, distribución, etc. Santo Domingo :
Nombre del editor, distribuidor, etc. IMPRESORA RAQUEL
300 ## - DESCRIPCIÓN FÍSICA
Extensión 235p / 21cm
504 ## - NOTA DE BIBLIOGRAFÍA, ETC.
Nota de bibliografía, etc. Nota Bibliografía : P. 235
505 ## - NOTA DE CONTENIDO CON FORMATO
Nota de contenido con formato Incluye Tabla de Contenido
650 ## - PUNTO DE ACCESO ADICIONAL DE MATERIA--TÉRMINO DE MATERIA
Término de materia o nombre geográfico como elemento de entrada 1.DERECHO DE FAMILIA FORMULARIOS PROCEDIMIENTOS
650 ## - PUNTO DE ACCESO ADICIONAL DE MATERIA--TÉRMINO DE MATERIA
Término de materia o nombre geográfico como elemento de entrada 2.MATRIMONIO LEGISLACION
Holdings
Estatus retirado Estado de pérdida Estado de daño No para préstamo Colección Biblioteca de origen Biblioteca actual Fecha de adquisición Total de préstamos Signatura topográfica completa Código de barras Visto por última vez Copia número Precio de reemplazo Tipo de ítem Koha
        Acervo general de Libros Biblioteca Central Mons. Favio M. Rivas S. Biblioteca Central Mons. Favio M. Rivas S. 21/08/2013   RD 346.015 D338f 000000001123 23/05/2025 1 23/05/2025 Libros